Public participation: an approach using aerial photographs at Ashford, Kent (Record no. 18807)

MARC details
000 -LEADER
fixed length control field 01003cab a2200253 4500
001 - CONTROL NUMBER
control field ABS50730
008 - FIXED-LENGTH DATA ELEMENTS--GENERAL INFORMATION
fixed length control field 090401t1994 xxu||||| |||| 00| 0 eng d
035 ## - SYSTEM CONTROL NUMBER
System control number (Sirsi) u27901
041 ## - LANGUAGE CODE
Language code of text/sound track or separate title eng
100 ## - MAIN ENTRY--PERSONAL NAME
Personal name Anderson, M.
245 ## - TITLE STATEMENT
Title Public participation: an approach using aerial photographs at Ashford, Kent
260 ## - PUBLICATION, DISTRIBUTION, ETC.
Date of publication, distribution, etc. 1994
350 ## - PRICE (NR) (BK AM CF MU VM SE) [OBSOLETE]
Price 0
490 ## - SERIES STATEMENT
Series statement Town Planning Review
Volume/sequential designation 65(1) January 1994, 41-58(18)
520 ## - SUMMARY, ETC.
Summary, etc. Introduces an experimental scheme to encourage public participation in the planning process through the use of aerial photographs, coloured stickers and a straightforward questionaire. Reports its popularity with the public and expands on its potential use in a wide range of decision-making or consensus-building applications.
650 ## - SUBJECT ADDED ENTRY--TOPICAL TERM
Topical term or geographic name entry element PLANNING PROCESS
650 ## - SUBJECT ADDED ENTRY--TOPICAL TERM
Topical term or geographic name entry element PUBLIC PARTICIPATION
650 ## - SUBJECT ADDED ENTRY--TOPICAL TERM
Topical term or geographic name entry element SUSTAINABLE DEVELOPMENT
690 ## - LOCAL SUBJECT ADDED ENTRY--TOPICAL TERM (OCLC, RLIN)
Topical term or geographic name as entry element PLANNING LAW AND PRACTICE
700 ## - ADDED ENTRY--PERSONAL NAME
Personal name Meaton, J.
700 ## - ADDED ENTRY--PERSONAL NAME
Personal name Potter, C.
942 ## - ADDED ENTRY ELEMENTS (KOHA)
Suppress in OPAC 0
948 ## - LOCAL PROCESSING INFORMATION (OCLC); SERIES PART DESIGNATOR (RLIN)
c (OCLC) 04/03/1997
Holdings
Withdrawn status Lost status Source of classification or shelving scheme Damaged status Not for loan Home library Current library Shelving location Date acquired Total Checkouts Full call number Barcode Date last seen Copy number Price effective from Koha item type
    Dewey Decimal Classification     London London Journal article 14/09/1999   ABS50730 27901-1001 06/08/2019 1 06/08/2019 Journal article